Geopolítica : ¿ciencia o imperialismo? /

Describe las razones de la geopolítica, las divisiones que hay y las causas por las que se han dado. Aporta cifras y luego menciona cómo se configuran bloques entre los que se encuentran la Organización de Estados Americanos, la Liga Arabe entre otras.

Đã lưu trong:
Chi tiết về thư mục
Tác giả chính: Guajardo Elizondo, Horacio (autor)
Định dạng: Sách
Ngôn ngữ:Tiếng Tây Ban Nha
Được phát hành: México : Gernika, 1984, c1984
Phiên bản:2a edición
Những chủ đề:
Các nhãn: Thêm thẻ
Không có thẻ, Là người đầu tiên thẻ bản ghi này!

MARC

LEADER 00000nam^a2200000^a^4500
001 000023627
005 20250521000000.0
009 20260310084543.738
037 |a Acervo ITESO - Biblioteca 
041 |a ESP 
082 |a 320. 0122  |b GUA 
100 |a Guajardo Elizondo, Horacio  |e (autor) 
245 1 0 |a Geopolítica :  |b ¿ciencia o imperialismo? /  |c H. Guajardo. 
250 |a 2a edición  |b corregida y aumentada 
264 4 |a México :  |b Gernika,  |c 1984, c1984 
300 |a 122 p. 
336 |a texto  |b txt  |2 rdacontenido 
337 |a sin mediación  |b n  |2 rdamedio 
338 |a volumen  |b nc  |2 rdasoporte 
520 |a Describe las razones de la geopolítica, las divisiones que hay y las causas por las que se han dado. Aporta cifras y luego menciona cómo se configuran bloques entre los que se encuentran la Organización de Estados Americanos, la Liga Arabe entre otras. 
649 |a XX 
650 |a Geopolítica -  |x Tema Principal 
650 |a Geografía Política 
650 |a Relaciones Internacionales 
650 |a Política Internacional 
650 |a Imperialismo 
910 |a Fondo General 
920 |a Impresos - Libros 
930 |a Colección General 
905 |a 101 
901 |a 0236270100  |b IT1  |c ACC  |i 023627  |u 20250521 
901 |a 0236270200  |b IT1  |c ACC  |i 903795  |u 20250521 
901 |a 0236270300  |b IT1  |c ACC  |i 903796  |u 20250521 
902 |a https://opac.biblio.iteso.mx/vufind/Record/000023627